000 00369nam a22001217a 4500
999 _c5361
_d5361
008 250909b ||||| |||| 00| 0 eng d
020 _a9780008604141
082 _a823.92 WAL
100 _aWALLIAMS,DAVID
_eAUTHOR
_lENGLISH
245 _aTHE WORLD'S WORST SUPERHEROES
260 _a1 LONDON BRIDGE STREET,LONDON SE1 9GF
_bHarperCollins Children's Books
_c2025
942 _2ddc